=LDR 00000nam 2200000 4500 =001 000608 =005 20250711105528 =035 ##$$a 0010-0725000476 =007 ta =008 250711################a##########0#ind## =020 ##$$a 978-623-307-033-1 =082 ##$$a 398.209 598 47 =084 ##$$a 398.209 598 47 LES p =100 #$$a Lestariningsih, Dewi Nastiti =245 1#$$a Pejuang Dari Palagan /$c Dewi Nastiti Lestariningsih =250 ##$$a Cetakan Pertama =260 ##$$a Jakarta Timur :$b Badan Pengembangan dan Pembinaan Bahasa,$c 2021 =300 ##$$a 28 hlm : $b ilus. ; $c 29,7 cm =650 #4$$a Komik =600 #4$$a Cerita Anak-Makasar =856 ##$$a TBM AS SUHADA =990 ##$$a TBM03720372